LEADER 00879nam0 2200277 450 001 000007889 005 20071022110846.0 100 $a20070523d1947----km-y0itay50------ba 101 0 $aita 102 $aIT 105 $ay-------001yy 200 1 $a<>costituzione jugoslava del 1931$fa cura di Enrico Gatta 210 $aFirenze$cSansoni$d1947 215 $a177 p.$d18 cm 225 2 $aTesti e documenti costituzionali$v36 410 0$12001$aTesti e documenti costituzionali$v36 610 1 $aIugoslavia - Costituzioni politiche - 1931 676 $a342.49$v19 702 1$aGatta,$bEnrico 710 01$aJugoslavia$0237076 801 0$aIT$bUNIPARTHENOPE$c20070523$gRICA$2UNIMARC 912 $a000007889 951 $aTDC 340/36$b7902$cNAVA1$d2007 951 $aTDC 340/36 (1)$b10332$cNAVA1$d2007 996 $aCostituzione jugoslava del 1931$9757381 997 $aUNIPARTHENOPE LEADER 01145oam 2200325Ka 450 001 9910692503903321 005 20040720163245.0 035 $a(CKB)5470000002354420 035 $a(OCoLC)55969209 035 9 $aocm55969209 035 $a(OCoLC)995470000002354420 035 $a(EXLCZ)995470000002354420 100 $a20040719d2004 ua 0 101 0 $aeng 181 $ctxt$2rdacontent 182 $cc$2rdamedia 183 $acr$2rdacarrier 200 00$aBroken promises$b[electronic resource] $eevaluating the Native American health care system : draft report for commissioners' review 210 1$a[Washington, D.C.] :$cU.S. Commission on Civil Rights, Office of the General Counsel,$d[2004] 300 $aTitle from title screen (viewed on July 19, 2004). 517 $aBroken promises 606 $aIndians of North America$xMedical care 615 0$aIndians of North America$xMedical care. 712 02$aUnited States Commission on Civil Rights.$bOffice of the General Counsel. 801 0$bGPO 801 1$bGPO 906 $aBOOK 912 $a9910692503903321 996 $aBroken promises$93426267 997 $aUNINA